000 00442pab a2200169 454500
008 180718b2003 xxu||||| |||| 00| 0 eng d
100 _aWeller, Christian E.,
245 _aWorker rights and financial stability
260 _c2003
300 _ap.287-95.
362 _aSummer
650 _aWorkers
700 _aSingleton, Laura
700 _aMahadevan-Vijaya, Ramya
773 _aReview of Radical Political Economics
909 _a58301
999 _c58301
_d58301